| 000 | 01011nam a2200229 a 4500 | ||
|---|---|---|---|
| 001 | 000040384 | ||
| 005 | 20201002034110.0 | ||
| 008 | 130823s2000 mx 000 0 spa d | ||
| 020 | _a9683664199 | ||
| 040 |
_aDO-SdBNP _bspa _cBNPHU |
||
| 100 | 1 |
_aTorre Villar, Ernesto de la _966281 |
|
| 245 | 1 | 0 |
_aElogio y defensa del libro / _cErnesto de la Torre Villar ; prólogo y notas al discurso de Juan Bautista Valenzuela Velazquez. |
| 250 | _a4a. ed. | ||
| 260 |
_aMéxico : _bDirección General de Publicaciones y Fomento Editorial, _c2000. |
||
| 300 | _a124, 14 páginas : ilustraciones. | ||
| 490 | 1 | _aBiblioteca del editor | |
| 500 | _aIncluye datos biográficos del autor en la solapa de la portada | ||
| 504 | _aIncluye referencias bibliográficas y notas al pie de las páginas | ||
| 700 | 1 |
_aValenzuela Velazquez, Juan Bautista, _epról. _966681 |
|
| 710 | 2 |
_aUniversidad Nacional Autónoma de México. Dirección General de Publicaciones y Fomento Editorial _966682 |
|
| 830 | 0 |
_aBiblioteca del _966683 |
|
| 999 |
_c39874 _d39874 |
||